| 000 | 00357nam a2200133Ia 4500 | ||
|---|---|---|---|
| 005 | 20251222143218.0 | ||
| 008 | 251222s9999||||xx |||||||||||||| ||spa|| | ||
| 020 | _a958-17-0155-9 | ||
| 082 | _a610.73/V39 | ||
| 100 | _aVelandia Mora, Ana Luisa | ||
| 245 | 0 | _aHistoria de la EnfermerÃa en Colombia | |
| 264 | _bEditorial Universidad Nacional | ||
| 942 | _cLIB | ||
| 999 |
_c13699 _d13699 |
||